Historia de la etnología : los evolucionistas /

Este segundo volumen de la Historia de la etnología, intenta mostrar la influencia de los teóricos de la evolución en el desarrollo de la etnología y las contribuciones de los etnólogos a la teoría de la evolución. Angel Palerm ha procurado establecer el contexto intelectual e histórico de los diver...

Ամբողջական նկարագրություն

Պահպանված է:
Մատենագիտական մանրամասներ
Հիմնական հեղինակ: Palerm, Angel (autor)
Ձևաչափ: Գիրք
Լեզու:իսպաներեն
Հրապարակվել է: México : INAH, Centro de Investigaciones Superiores, 1974, c1974
Շարք:(Historia de la Etnología ; 2)
Խորագրեր:
Ցուցիչներ: Ավելացրեք ցուցիչ
Չկան պիտակներ, Եղեք առաջինը, ով նշում է այս գրառումը!

MARC

LEADER 00000nam^a2200000^a^4500
001 000124532
005 20250521000000.0
009 20260310094618.264
037 |a Acervo ITESO - Biblioteca 
041 |a ESP 
082 |a 305. 8009  |b PAL V. 2 
100 |a Palerm, Angel  |e (autor) 
240 1 1 |a [Historia de la etnología] 
245 1 0 |a Historia de la etnología :  |b los evolucionistas /  |c A. Palerm. 
264 4 |a México :  |b INAH, Centro de Investigaciones Superiores,  |c 1974, c1974 
300 |a 214 p. 
336 |a texto  |b txt  |2 rdacontenido 
337 |a sin mediación  |b n  |2 rdamedio 
338 |a volumen  |b nc  |2 rdasoporte 
440 1 |a (Historia de la Etnología ;  |v 2) 
520 |a Este segundo volumen de la Historia de la etnología, intenta mostrar la influencia de los teóricos de la evolución en el desarrollo de la etnología y las contribuciones de los etnólogos a la teoría de la evolución. Angel Palerm ha procurado establecer el contexto intelectual e histórico de los diversos momentos del desenvolvimiento del evolucionismo. 
649 |a XX 
650 |a Etnología -  |x Historia 
650 |a Antropología Cultural -  |x Historia 
650 |a Evolucionismo 
650 |a Evolución -  |x Historia 
650 |a Ciencias Sociales -  |x Historia 
910 |a Fondo Salvador Reynoso Reynoso 
920 |a Impresos - Libros 
930 |a Fondos Especiales 
905 |a 112 
901 |a 0800007423  |b IT2  |c ESP  |u 20250521 
902 |a https://opac.biblio.iteso.mx/vufind/Record/000124532